Grecia arcaica (Record no. 51134)

MARC details
000 -LEADER
campo de control de longitud fija 00750nam a2200217 i 4500
001 - NÚMERO DE CONTROL
campo de control 51134
003 - IDENTIFICADOR DE NÚMERO DE CONTROL
campo de control ES-MaACL
007 - CAMPO FIJO DE DESCRIPCIÓN FÍSICA--INFORMACIÓN GENERAL
campo de control de longitud fija t|
008 - DATOS DE LONGITUD FIJA--INFORMACIÓN GENERAL
campo de control de longitud fija 030811s1969 sp ||||1| spa d
100 1# - ENTRADA PRINCIPAL--NOMBRE DE PERSONA
Nombre de persona Charbonneaux, Jean.
9 (RLIN) 38061
245 10 - MENCIÓN DEL TÍTULO
Título Grecia arcaica
Resto del título : (620-480 a. de J.C.) /
Mención de responsabilidad, etc. Jean Charbonneaux, Roland Martin, Francois Villard ; traducción de José Antonio Miguez.
260 ## - PUBLICACIÓN, DISTRIBUCIÓN, ETC.
Lugar de publicación, distribución, etc. [Madrid] :
Nombre del editor, distribuidor, etc. Aguilar,
Fecha de publicación, distribución, etc. [1969]
300 ## - DESCRIPCIÓN FÍSICA
Extensión X, 438 p., 34 lám. :
Otras características físicas 2 map. ;
Dimensiones 28 cm.
490 1# - MENCIÓN DE SERIE
Mención de serie El universo de las formas
700 1# - ENTRADA AGREGADA--NOMBRE PERSONAL
Nombre de persona Martin, Roland.
9 (RLIN) 77372
700 1# - ENTRADA AGREGADA--NOMBRE PERSONAL
Nombre de persona Villard, Francois.
9 (RLIN) 115108
700 1# - ENTRADA AGREGADA--NOMBRE PERSONAL
Nombre de persona Míguez, José Antonio.
9 (RLIN) 81053
830 0# - PUNTO DE ACCESO ADICIONAL DE SERIE-TÍTULO UNIFORME
Título uniforme El universo de las formas
9 (RLIN) 181490
852 ## - LOCALIZACIÓN
Ubicación ES-MaACL
Número de control de estantería E-6956
Sublocalización o colección R.51282
Holdings
Estatus retirado Estado de pérdida Estado de daño No para préstamo Biblioteca de origen Biblioteca actual Ubicación en estantería Fecha de adquisición Fuente de adquisición Total de préstamos Signatura topográfica completa Código de barras Visto por última vez Precio de reemplazo Tipo de ítem Koha
        Biblioteca del Ateneo de Madrid Biblioteca del Ateneo de Madrid Depósito 2 17/01/2008     E-6956 1053776 23/02/2023 23/02/2023 Libro impreso